<?xml version="1.0" encoding="UTF-8"?>
<record
    xmlns:xsi="http://www.w3.org/2001/XMLSchema-instance"
    xsi:schemaLocation="http://www.loc.gov/MARC21/slim http://www.loc.gov/standards/marcxml/schema/MARC21slim.xsd"
    xmlns="http://www.loc.gov/MARC21/slim">

  <leader>00285nam a22001217a 4500</leader>
  <datafield tag="040" ind1=" " ind2=" ">
    <subfield code="c">CHE</subfield>
  </datafield>
  <datafield tag="082" ind1=" " ind2=" ">
    <subfield code="a">636 CHE 2019 C139 Or.</subfield>
  </datafield>
  <datafield tag="100" ind1=" " ind2=" ">
    <subfield code="a">CHE LENGSROUN</subfield>
  </datafield>
  <datafield tag="245" ind1=" " ind2=" ">
    <subfield code="a">&#x1780;&#x17B6;&#x179A;&#x1799;&#x179B;&#x17CB;&#x178A;&#x17B9;&#x1784;&#x1796;&#x17B8;&#x1780;&#x179F;&#x17B7;&#x1780;&#x1798;&#x17D2;&#x1798;</subfield>
  </datafield>
  <datafield tag="260" ind1=" " ind2=" ">
    <subfield code="a">RUA</subfield>
    <subfield code="b">CHE</subfield>
    <subfield code="c">2019</subfield>
  </datafield>
  <datafield tag="300" ind1=" " ind2=" ">
    <subfield code="a">188P</subfield>
  </datafield>
  <datafield tag="942" ind1=" " ind2=" ">
    <subfield code="c">KB</subfield>
  </datafield>
  <datafield tag="999" ind1=" " ind2=" ">
    <subfield code="c">19705</subfield>
    <subfield code="d">19705</subfield>
  </datafield>
  <datafield tag="952" ind1=" " ind2=" ">
    <subfield code="0">0</subfield>
    <subfield code="1">0</subfield>
    <subfield code="4">0</subfield>
    <subfield code="6">636_000000000000000_CHE_2019_C139_OR</subfield>
    <subfield code="7">0</subfield>
    <subfield code="9">86745</subfield>
    <subfield code="a">LBC</subfield>
    <subfield code="b">LBC</subfield>
    <subfield code="c">C139</subfield>
    <subfield code="d">2021-03-15</subfield>
    <subfield code="e">a062925</subfield>
    <subfield code="o">636 CHE 2019 C139 Or.</subfield>
    <subfield code="r">2021-03-15</subfield>
    <subfield code="y">KB</subfield>
  </datafield>
  <datafield tag="952" ind1=" " ind2=" ">
    <subfield code="0">0</subfield>
    <subfield code="1">0</subfield>
    <subfield code="4">0</subfield>
    <subfield code="6">636_000000000000000_CHE_2019_C139_OR</subfield>
    <subfield code="7">0</subfield>
    <subfield code="9">86746</subfield>
    <subfield code="a">LBC</subfield>
    <subfield code="b">LBC</subfield>
    <subfield code="c">C139</subfield>
    <subfield code="d">2021-03-15</subfield>
    <subfield code="e">A063507</subfield>
    <subfield code="o">636 CHE 2019 C139 Or.</subfield>
    <subfield code="r">2021-03-15</subfield>
    <subfield code="y">KB</subfield>
  </datafield>
  <datafield tag="952" ind1=" " ind2=" ">
    <subfield code="0">0</subfield>
    <subfield code="1">0</subfield>
    <subfield code="4">0</subfield>
    <subfield code="6">636_000000000000000_CHE_2019_C139_OR</subfield>
    <subfield code="7">0</subfield>
    <subfield code="9">86747</subfield>
    <subfield code="a">LBC</subfield>
    <subfield code="b">LBC</subfield>
    <subfield code="c">C139</subfield>
    <subfield code="d">2021-03-15</subfield>
    <subfield code="e">A064729</subfield>
    <subfield code="o">636 CHE 2019 C139 Or.</subfield>
    <subfield code="r">2021-03-15</subfield>
    <subfield code="y">KB</subfield>
  </datafield>
  <datafield tag="952" ind1=" " ind2=" ">
    <subfield code="0">0</subfield>
    <subfield code="1">0</subfield>
    <subfield code="4">0</subfield>
    <subfield code="6">636_000000000000000_CHE_2019_C139_OR</subfield>
    <subfield code="7">0</subfield>
    <subfield code="9">86748</subfield>
    <subfield code="a">LBC</subfield>
    <subfield code="b">LBC</subfield>
    <subfield code="c">C139</subfield>
    <subfield code="d">2021-03-15</subfield>
    <subfield code="e">A062749</subfield>
    <subfield code="o">636 CHE 2019 C139 Or.</subfield>
    <subfield code="r">2021-03-15</subfield>
    <subfield code="y">KB</subfield>
  </datafield>
  <datafield tag="952" ind1=" " ind2=" ">
    <subfield code="0">0</subfield>
    <subfield code="1">0</subfield>
    <subfield code="4">0</subfield>
    <subfield code="6">636_000000000000000_CHE_2019_C139_OR</subfield>
    <subfield code="7">0</subfield>
    <subfield code="9">86749</subfield>
    <subfield code="a">LBC</subfield>
    <subfield code="b">LBC</subfield>
    <subfield code="c">C139</subfield>
    <subfield code="d">2021-03-15</subfield>
    <subfield code="e">A062985</subfield>
    <subfield code="o">636 CHE 2019 C139 Or.</subfield>
    <subfield code="r">2021-03-15</subfield>
    <subfield code="y">KB</subfield>
  </datafield>
  <datafield tag="952" ind1=" " ind2=" ">
    <subfield code="0">0</subfield>
    <subfield code="1">0</subfield>
    <subfield code="4">0</subfield>
    <subfield code="6">636_000000000000000_CHE_2019_C139_OR</subfield>
    <subfield code="7">0</subfield>
    <subfield code="9">86750</subfield>
    <subfield code="a">LBC</subfield>
    <subfield code="b">LBC</subfield>
    <subfield code="c">C139</subfield>
    <subfield code="d">2021-03-15</subfield>
    <subfield code="e">A063045</subfield>
    <subfield code="o">636 CHE 2019 C139 Or.</subfield>
    <subfield code="r">2021-03-15</subfield>
    <subfield code="y">KB</subfield>
  </datafield>
  <datafield tag="952" ind1=" " ind2=" ">
    <subfield code="0">0</subfield>
    <subfield code="1">0</subfield>
    <subfield code="4">0</subfield>
    <subfield code="6">636_000000000000000_CHE_2019_C139_OR</subfield>
    <subfield code="7">0</subfield>
    <subfield code="9">86751</subfield>
    <subfield code="a">LBC</subfield>
    <subfield code="b">LBC</subfield>
    <subfield code="c">C139</subfield>
    <subfield code="d">2021-03-15</subfield>
    <subfield code="e">A063219</subfield>
    <subfield code="o">636 CHE 2019 C139 Or.</subfield>
    <subfield code="r">2021-03-15</subfield>
    <subfield code="y">KB</subfield>
  </datafield>
  <datafield tag="952" ind1=" " ind2=" ">
    <subfield code="0">0</subfield>
    <subfield code="1">0</subfield>
    <subfield code="4">0</subfield>
    <subfield code="6">636_000000000000000_CHE_2019_C139_OR</subfield>
    <subfield code="7">0</subfield>
    <subfield code="9">86752</subfield>
    <subfield code="a">LBC</subfield>
    <subfield code="b">LBC</subfield>
    <subfield code="c">C139</subfield>
    <subfield code="d">2021-03-15</subfield>
    <subfield code="e">A062801</subfield>
    <subfield code="o">636 CHE 2019 C139 Or.</subfield>
    <subfield code="r">2021-03-15</subfield>
    <subfield code="y">KB</subfield>
  </datafield>
  <datafield tag="952" ind1=" " ind2=" ">
    <subfield code="0">0</subfield>
    <subfield code="1">0</subfield>
    <subfield code="4">0</subfield>
    <subfield code="6">636_000000000000000_CHE_2019_C139_OR</subfield>
    <subfield code="7">0</subfield>
    <subfield code="9">86753</subfield>
    <subfield code="a">LBC</subfield>
    <subfield code="b">LBC</subfield>
    <subfield code="c">C139</subfield>
    <subfield code="d">2021-03-15</subfield>
    <subfield code="e">A062865</subfield>
    <subfield code="o">636 CHE 2019 C139 Or.</subfield>
    <subfield code="r">2021-03-15</subfield>
    <subfield code="y">KB</subfield>
  </datafield>
  <datafield tag="952" ind1=" " ind2=" ">
    <subfield code="0">0</subfield>
    <subfield code="1">0</subfield>
    <subfield code="4">0</subfield>
    <subfield code="6">636_000000000000000_CHE_2019_C139_OR</subfield>
    <subfield code="7">0</subfield>
    <subfield code="9">86754</subfield>
    <subfield code="a">LBC</subfield>
    <subfield code="b">LBC</subfield>
    <subfield code="c">C139</subfield>
    <subfield code="d">2021-03-15</subfield>
    <subfield code="e">A064721</subfield>
    <subfield code="o">636 CHE 2019 C139 Or.</subfield>
    <subfield code="r">2021-03-15</subfield>
    <subfield code="y">KB</subfield>
  </datafield>
</record>
